00961nam a22002531 450000100060000000300080000600500170001400800410003103500190007203500180009104000630010904100080017208200220018024500860020226000320028830000260032049000320034650001840037850400290056265000410059165000230063265000260065570000260068136026BD-RjUL20211209052423.0140615s1955 enk b 000 0 eng d a(BD-RjUL)36123 a(OCoLC)289383 aRochester. Univ. Libr.cOUrCdOCoLCdUkdDLCdBD-RjULbeng aeng00a320.943bPOL 195514aThe political thought of the German romantics, 1793-1815 /cHans Siegbert Reiss,  aOxford :bBlackwell,c1955. avii, 211 p. ;c20 cm.0 aBlackwell's political texts a"Passages from Fichte, Novalis, Adam Mùˆller and Schleiermacher translated and passages from Savigny adapted from the translation of Abraham Hayward by H. S. Reiss and P. Brown." aIncludes bibliographies. 0aPolitical sciencezGermanyxHistory. 0aPolitical science. 0aRomanticismzGermany.1 aReiss, Hans Siegbert,